| 000 | 00612nam a22002177a 4500 | ||
|---|---|---|---|
| 005 | 20140310183630.0 | ||
| 008 | 131116b xxu||||| |||| 00| 0 eng d | ||
| 020 | _a9781259006500 | ||
| 050 |
_aTK 5103.2 _b.P227 2013 |
||
| 100 | _aParekh, Ranjan. | ||
| 245 |
_aPrinciples of Multimedia / _cRanjan Parekh. |
||
| 250 | _a2nd ed. | ||
| 260 |
_aNew Delhi : _bTata McGraw Hill, _c2013. |
||
| 300 |
_a825 p. : _bill. ; _c24 cm. |
||
| 504 | _aIncludes Bibliographic References and Index. | ||
| 521 | _aMA | ||
| 650 | _aMultimedia systems. | ||
| 942 |
_2lcc _cBK _kFOR |
||
| 999 |
_c25585 _d25585 |
||